|
|
|
|
| LEADER |
00000nam0a2200000 4500 |
| 001 |
11788 |
| 005 |
20231101204807.0 |
| 010 |
|
|
|a 1704010000
|
| 035 |
|
|
|a (RuTPU)RU\TPU\book\11861
|
| 035 |
|
|
|a BOOK00011927
|
| 090 |
|
|
|a 11788
|
| 100 |
|
|
|a 20011209d1997 m y0rusy50 ca
|
| 101 |
0 |
|
|a rus
|
| 102 |
|
|
|a RU
|
| 105 |
|
|
|a y z 000za
|
| 200 |
1 |
|
|a Немного о науке и... о себе
|f Е. Т. Протасевич
|
| 210 |
|
|
|a Томск
|d 1997
|
| 215 |
|
|
|a 100 с.
|
| 600 |
|
1 |
|a Протасевич
|b Е. Т.
|c российский физик, эколог
|c профессор Томского политехнического университета
|f 1943-2004
|g Евгений Трофимович
|y Томск
|2 stltpush
|3 (RuTPU)RU\TPU\pers\11954
|9 3062
|
| 610 |
1 |
|
|a наука
|
| 610 |
1 |
|
|a история
|
| 610 |
1 |
|
|a физика
|
| 610 |
1 |
|
|a воспоминания
|
| 675 |
|
|
|a 53(09)
|v 3
|
| 700 |
|
1 |
|a Протасевич
|b Е. Т.
|c российский физик, эколог
|c профессор Томского политехнического университета
|f 1943-2004
|g Евгений Трофимович
|2 stltpush
|3 (RuTPU)RU\TPU\pers\11954
|
| 801 |
|
0 |
|a RU
|b 63413507
|c 20011209
|g PSBO
|
| 801 |
|
2 |
|a RU
|b 63413507
|c 20121128
|g PSBO
|
| 942 |
|
|
|c BK
|